000 00285nam a2200121Ia 4500
008 190216s9999||||xx |||||||||||||| ||und||
100 _aTerry Lucey
245 0 _aManagement Information Systems
260 _bBpb Publications
_c1997
300 _a282p
650 _aCommerce
942 _cBK
999 _c6029
_d6029